000 00763nam0a22002291 4500
001 rc\904586
005 20250622035522.0
035 _a(NLR Aleph) 006079794
090 _a5080962
_c5080962
100 _a20041129d1983 |||y0rusy50 ca
101 0 _arus
102 _aRU
105 _ay |||||||||
200 1 _aВся королевская рать
_aПриди в зеленый дол
_eРоманы
_eПер. с англ.
_fРоберт Пенн Уоррен
_g[Вступ. ст. А. Мулярчика]
210 _aМ.
_cХудож. лит.
_d1983
215 _a784 с.
_d20
700 1 _aУоррен
_bР.П.
_f1905-1989
_gРоберт Пенн
801 0 _aRU
_bNLR
_gpsbo
801 1 _aRU
_bELAR
_2rusmarc
852 _aNLR
_j85-3/11747
942 _cBOOK
980 _aNB